Principles of general chemistry (Record no. 16185)
[ view plain ]
| 000 -LEADER | |
|---|---|
| fixed length control field | 00543nam a22002057a 4500 |
| 003 - CONTROL NUMBER IDENTIFIER | |
| control field | OSt |
| 005 - DATE AND TIME OF LATEST TRANSACTION | |
| control field | 20140310182812.0 |
| 008 - FIXED-LENGTH DATA ELEMENTS--GENERAL INFORMATION | |
| fixed length control field | 130220t xxu||||| |||| 00| 0 eng d |
| 020 ## - INTERNATIONAL STANDARD BOOK NUMBER | |
| International Standard Book Number | 9780071262507 |
| 050 ## - LIBRARY OF CONGRESS CALL NUMBER | |
| Classification number | QD 31 |
| Item number | .Si582 2007 |
| 082 ## - DEWEY DECIMAL CLASSIFICATION NUMBER | |
| Classification number | M 540.22 |
| Item number | Si3 2007 |
| 245 ## - TITLE STATEMENT | |
| Title | Principles of general chemistry |
| Statement of responsibility, etc | Martin S. Silberberg, |
| 260 ## - PUBLICATION, DISTRIBUTION, ETC. (IMPRINT) | |
| Place of publication, distribution, etc | New York |
| Name of publisher, distributor, etc | McGraw-Hill Higher Education |
| Date of publication, distribution, etc | 2007 |
| 300 ## - PHYSICAL DESCRIPTION | |
| Extent | xxvi, var. 792 p. |
| Dimensions | 26 cm. |
| 526 ## - STUDY PROGRAM INFORMATION NOTE | |
| Reading level | 1210L-1700L |
| 562 ## - COPY AND VERSION IDENTIFICATION NOTE | |
| Number of copies | 2 |
| 942 ## - ADDED ENTRY ELEMENTS (KOHA) | |
| Source of classification or shelving scheme | Library of Congress Classification |
| Koha item type | Books |
| Withdrawn status | Lost status | Source of classification or shelving scheme | Damaged status | Home library | Current library | Shelving location | Date acquired | Total Checkouts | Full call number | Barcode | Date last seen | Copy number | Price effective from | Koha item type |
|---|---|---|---|---|---|---|---|---|---|---|---|---|---|---|
| Library of Congress Classification | College Library | College Library | General Circulation Section | 02/20/2013 | QD 31 .Si582 2007 | c8552 | 05/15/2018 | 2 | 02/20/2013 | Books | ||||
| Library of Congress Classification | College Library | College Library | General Circulation Section | 05/21/2013 | QD 31 .Si582 2007 | c8551 | 05/15/2018 | 1 | 05/21/2013 | Books |